Rajkumar : (Record no. 44598)

MARC details
000 -LEADER
fixed length control field 01177njm a22002657a 4500
005 - DATE AND TIME OF LATEST TRANSACTION
control field 20100908152936.0
007 - PHYSICAL DESCRIPTION FIXED FIELD--GENERAL INFORMATION
fixed length control field sd ammalaaahaa
008 - FIXED-LENGTH DATA ELEMENTS--GENERAL INFORMATION
fixed length control field 100908t xxu||||| |||| 00| 0 hin d
028 ## - PUBLISHER NUMBER
Publisher number GE. 33588
Source Columbia
035 ## - SYSTEM CONTROL NUMBER
System control number GR-01405
040 ## - CATALOGING SOURCE
Original cataloging agency SED/VEN
100 ## - MAIN ENTRY--PERSONAL NAME
Personal name Mohamad Rafi
9 (RLIN) 1184
245 ## - TITLE STATEMENT
Title Rajkumar :
Remainder of title hindustani /
Statement of responsibility, etc by Mohamed Rafi & Asha ; music by Shankar Jaikishan ; lyric by Hasrat Jaipuri
246 ## - VARYING FORM OF TITLE
Title proper/short title राजकुमार ( मोहमद रफ़ी और आशा )
260 ## - PUBLICATION, DISTRIBUTION, ETC. (IMPRINT)
Place of publication, distribution, etc Dum Dum, India
Name of publisher, distributor, etc Columbia
Date of publication, distribution, etc 1964
300 ## - PHYSICAL DESCRIPTION
Extent 1 sound disc [Gramophone record] :
Other physical details analog, 33. 1/3 rpm
Dimensions 10 in.
Type of unit Gramophone record
500 ## - GENERAL NOTE
General note Brief record.
505 ## - FORMATTED CONTENTS NOTE
Formatted contents note Tumne kisi ki jaan ko तुमने किसी की जान को (Mohamed Rafi) Part 1 ,Dilruba dil pe tu yha दिलरुबा दिल पे तू यह ( Mohamed Rafi & Asha) Part 2
Statement of responsibility
650 ## - SUBJECT ADDED ENTRY--TOPICAL TERM
Topical term or geographic name as entry element Classical Music
General subdivision Excerpts
Geographic subdivision India
9 (RLIN) 18995
700 ## - ADDED ENTRY--PERSONAL NAME
Personal name Bhosle, Asha
9 (RLIN) 18996
700 ## - ADDED ENTRY--PERSONAL NAME
Personal name Shankar Jaikishan
9 (RLIN) 18997
700 ## - ADDED ENTRY--PERSONAL NAME
Personal name Hasrat Jaikishan
9 (RLIN) 18998
942 ## - ADDED ENTRY ELEMENTS (KOHA)
Source of classification or shelving scheme Dewey Decimal Classification
Item type Gramaphone Records
Holdings
Withdrawn status Lost status Source of classification or shelving scheme Damaged status Not for loan Home library Current library Date acquired Source of acquisition Total Checkouts Barcode Date last seen Copy number Price effective from Koha item type
    Dewey Decimal Classification   Not For Loan Central Library Central Library 08/09/2010 SED/VEN   GR-01405 08/09/2010 1 08/09/2010 Gramaphone Records

© Delhi Public Library
Hit Counter
free hit counter